| 000 | 00472 a2200157 4500 | ||
|---|---|---|---|
| 999 |
_c223 _d223 |
||
| 020 | _a9788120341098 | ||
| 050 | _aTA330 SRI 2011 | ||
| 100 |
_aSrivastava, A.C. _eauthor |
||
| 245 |
_aEngineering mathematics, volume ll / _cA.C. Srivastava |
||
| 264 |
_aNew Dehli : _bPHI Learning, _c2011 |
||
| 300 |
_axxi, 736pages : _billustrations. |
||
| 500 | _aIncludes index | ||
| 650 | _aEngineering mathematics | ||
| 700 |
_aSrivastava, P.K. _eauthor |
||
| 942 |
_2lcc _cBK _h330 _iSRA _kTA |
||